LEADER 01494nam 2200373 a 450 001 9910691082603321 005 20010717130656.0 035 $a(CKB)5470000002343524 035 $a(OCoLC)45892590 035 9 $aocm45892590 035 $a(OCoLC)995470000002343524 035 $a(EXLCZ)995470000002343524 100 $a20010212d2000 ua 0 101 0 $aeng 135 $auran|||||| 181 $ctxt$2rdacontent 182 $cc$2rdamedia 183 $acr$2rdacarrier 200 10$aState Department$b[electronic resource] $eprogress and challenges in managing for results : statement of Benjamin F. Nelson, Director, International Relations and Trade Issues, National Security and International Affairs Division, before the Subcommittee on National Security, Veterans Affairs, and International Relations, Committee on Government Reform, House of Representatives 210 1$a[Washington, D.C.] :$cU.S. General Accounting Office,$d[2000] 225 1 $aTestimony ;$vGAO/T-NSIAD/AIMD-00-254 300 $a"Released ... July 19, 2000." 300 $aPaper version available from the General Accounting Office. 300 $aTitle from title screen. 320 $aIncludes bibliographical references. 517 $aState Department 700 $aNelson$b Benjamin F$045168 712 02$aUnited States.$bGeneral Accounting Office. 801 0$bGPO 801 1$bGPO 906 $aBOOK 912 $a9910691082603321 996 $aState Department$93424397 997 $aUNINA